000
00259nam a2200109Ia 4500
005
20251222143212.0
008
251222s9999||||xx |||||||||||||| ||spa||
082
_a
287.1/H61/Ej.2
245
0
_a
Guiones para CĂrculos de Estudio
264
_b
HOAC
942
_c
LIB
999
_c
13473
_d
13473